000 00625nam a2200205Ia 4500
003 IN-BaIIA
008 211028s9999 xx 000 0 eng d
020 _a0-471-07720-8
040 _cIIA Library
080 _a535.8
_bDE
100 _aDe Vany, Arthur S
_911894
245 0 _aMaster optical techniques
_cArthur S De Vany
260 _aNew York
_bJohn Wiley & Sons
_c1981
300 _aviii, 600p.
650 _aAstronomy and astrophysics thesaurus
650 _aOptical instruments
650 _aOptical measurements
_97410
650 _aOptical techniques
_95534
942 _cBK
999 _c6943
_d6943